[Event "10. Magistral Copa Mercosur"]
[Site "Villa Martelli ARG"]
[Date "2006.07.24"]
[Round "1.1"]
[White "Hungaski, Robert"]
[Black "COMP ZAP!Chess"]
[Result "1/2-1/2"]
[WhiteElo "2412"]
[BlackElo "2600"]
[PlyCount "64"]
[EventDate "2006.07.24"]
[EventType "tourn"]
[EventRounds "13"]
[EventCountry "ARG"]
[EventCategory "9"]
[Source "lmi"]
[SourceDate "2006.08.05"]

1. e4 e6 2. d4 d5 3. Nc3 Bb4 4. e5 c5 5. a3 Bxc3+ 6. bxc3 Qc7 7. Qg4 f6 8. Nf3
c4 9. a4 Nc6 10. Qf4 fxe5 11. Nxe5 Nxe5 12. Qxe5 Qxe5+ 13. dxe5 b6 14. g3 Ne7
15. f4 Bd7 16. Bh3 Kf7 17. Be3 Nc6 18. Bg2 g6 19. h4 h5 20. Kd2 Rac8 21. Ra3
Na5 22. Bd4 Ke7 23. Rha1 Kf7 24. Rh1 Nb7 25. Ke3 Ke7 26. Bf3 Rhf8 27. Rg1 Rh8
28. Rh1 Rhf8 29. Rg1 Rg8 30. Rh1 Rgd8 31. Rg1 Rf8 32. Rh1 Rg8 1/2-1/2

[Event "10. Magistral Copa Mercosur"]
[Site "Villa Martelli ARG"]
[Date "2006.07.24"]
[Round "1.4"]
[White "Valerga, Diego"]
[Black "Prasca Sosa, Raphael"]
[Result "1/2-1/2"]
[WhiteElo "2470"]
[BlackElo "2442"]
[PlyCount "52"]
[EventDate "2006.07.24"]
[EventType "tourn"]
[EventRounds "13"]
[EventCountry "ARG"]
[EventCategory "9"]
[Source "lmi"]
[SourceDate "2006.08.05"]

1. e4 e6 2. d4 d5 3. Nc3 Bb4 4. e5 c5 5. a3 Bxc3+ 6. bxc3 Qa5 7. Bd2 Qa4 8. h4
c4 9. Qg4 g6 10. Qd1 h5 11. Nh3 Nc6 12. Bg5 Bd7 13. Be2 Nge7 14. Bf6 Rf8 15.
Qd2 O-O-O 16. Ng5 Kb8 17. g4 hxg4 18. Bxg4 Rc8 19. h5 gxh5 20. Rxh5 Nf5 21.
Bxf5 exf5 22. Rh7 Be6 23. Ke2 Ka8 24. Qc1 f4 25. Nxe6 fxe6 26. Qb2 b6 1/2-1/2

[Event "10. Magistral Copa Mercosur"]
[Site "Villa Martelli ARG"]
[Date "2006.07.24"]
[Round "1.7"]
[White "Rodriguez, Andres"]
[Black "Stamenkovic, Dragan"]
[Result "1-0"]
[WhiteElo "2511"]
[BlackElo "2393"]
[PlyCount "83"]
[EventDate "2006.07.24"]
[EventType "tourn"]
[EventRounds "13"]
[EventCountry "ARG"]
[EventCategory "9"]
[Source "lmi"]
[SourceDate "2006.08.05"]

1. f4 d5 2. Nf3 c5 3. g3 Nc6 4. Bg2 g6 5. O-O Bg7 6. d3 Nf6 7. Qe1 O-O 8. e4
dxe4 9. dxe4 e5 10. Nc3 Be6 11. f5 Bc4 12. Rf2 Ng4 13. Rd2 Qa5 14. h3 Nf6 15.
g4 h6 16. Rf2 Rae8 17. Nd2 Bb5 18. Nxb5 Qxb5 19. c3 Qa5 20. Nb3 Qb5 21. Bf1 Qb6
22. g5 hxg5 23. Bxg5 gxf5 24. Rxf5 c4+ 25. Be3 Qc7 26. Nd2 Ne7 27. Rg5 b5 28.
h4 Nh7 29. Rg2 Kh8 30. a4 a6 31. axb5 axb5 32. h5 f5 33. Ra7 Qc6 34. Rxg7 Kxg7
35. Qg3+ Kf7 36. Nxc4 Rg8 37. Nxe5+ Kf8 38. Ng6+ Kf7 39. exf5 Qe4 40. Bg2 Qb1+
41. Kh2 Rg7 42. Bd5+ 1-0

[Event "10. Magistral Copa Mercosur"]
[Site "Villa Martelli ARG"]
[Date "2006.07.25"]
[Round "2.1"]
[White "COMP ZAP!Chess"]
[Black "Stamenkovic, Dragan"]
[Result "1-0"]
[WhiteElo "2600"]
[BlackElo "2393"]
[PlyCount "57"]
[EventDate "2006.07.24"]
[EventType "tourn"]
[EventRounds "13"]
[EventCountry "ARG"]
[EventCategory "9"]
[Source "lmi"]
[SourceDate "2006.08.05"]

1. d4 d5 2. Bg5 c6 3. Nf3 h6 4. Bh4 Qb6 5. b3 Bf5 6. e3 e6 7. Bd3 Bxd3 8. Qxd3
Nd7 9. O-O Be7 10. Bxe7 Nxe7 11. c4 O-O 12. Nc3 f5 13. Rfd1 Rad8 14. Qc2 g6 15.
h4 Kg7 16. Ne2 Ng8 17. Nf4 Rfe8 18. g4 Ngf6 19. g5 Ne4 20. gxh6+ Kxh6 21. Kh2
Re7 22. Rg1 Rg8 23. Rg2 Ndf6 24. Ne5 g5 25. hxg5+ Nxg5 26. Rh1 Nfh7 27. Kg1+
Kg7 28. Nxe6+ Rxe6 29. Qxf5 1-0

[Event "10. Magistral Copa Mercosur"]
[Site "Villa Martelli ARG"]
[Date "2006.07.26"]
[Round "3.1"]
[White "Liascovich, Lucas"]
[Black "COMP ZAP!Chess"]
[Result "1/2-1/2"]
[WhiteElo "2395"]
[BlackElo "2600"]
[PlyCount "94"]
[EventDate "2006.07.24"]
[EventType "tourn"]
[EventRounds "13"]
[EventCountry "ARG"]
[EventCategory "9"]
[Source "lmi"]
[SourceDate "2006.08.05"]

1. d4 d5 2. c4 e6 3. Nc3 Nf6 4. cxd5 exd5 5. Bf4 Bd6 6. Bg3 Nc6 7. e3 Bf5 8.
Bd3 Bxd3 9. Qxd3 O-O 10. Nge2 Re8 11. O-O Bxg3 12. Nxg3 Qd7 13. Rac1 Nd8 14. b4
a6 15. Rc2 Ne6 16. a4 c6 17. Rfc1 Qd6 18. Rb1 Ng5 19. Nf5 Qe6 20. Ng3 Nge4 21.
Ncxe4 dxe4 22. Qb3 Qxb3 23. Rxb3 Kf8 24. h3 g6 25. Ne2 h5 26. Nc3 Ke7 27. Nb1
Kd6 28. Nc3 g5 29. g3 Rac8 30. Kg2 h4 31. g4 Rc7 32. Rb1 Rcc8 33. Rb3 Nd5 34.
Nxd5 cxd5 35. Rbc3 Rc6 36. Rc5 Rf8 37. Rc1 f5 38. gxf5 Rxf5 39. Rxc6+ bxc6 40.
Rc5 Rf7 41. b5 axb5 42. axb5 cxb5 43. Rxb5 Rf5 44. Rb6+ Ke7 45. Rb7+ Ke6 46.
Rb6+ Ke7 47. Rb7+ Ke6 1/2-1/2

[Event "10. Magistral Copa Mercosur"]
[Site "Villa Martelli ARG"]
[Date "2006.07.27"]
[Round "4.1"]
[White "COMP ZAP!Chess"]
[Black "Alonso, Salvador"]
[Result "1/2-1/2"]
[WhiteElo "2600"]
[BlackElo "2441"]
[PlyCount "131"]
[EventDate "2006.07.24"]
[EventType "tourn"]
[EventRounds "13"]
[EventCountry "ARG"]
[EventCategory "9"]
[Source "lmi"]
[SourceDate "2006.08.05"]

1. c4 d6 2. d4 e5 3. Nf3 Nd7 4. Nc3 Ngf6 5. e4 Be7 6. Be2 O-O 7. O-O c6 8. Qc2
Qe8 9. Rd1 Bd8 10. dxe5 dxe5 11. Rb1 Qe7 12. b4 Bc7 13. Nh4 g6 14. Bh6 Re8 15.
Qc1 Nf8 16. Qg5 Ne6 17. Nf5 Nxg5 18. Nxe7+ Rxe7 19. Bxg5 Kg7 20. Be3 Re8 21. f3
Nd7 22. Kf2 Nf8 23. b5 Ne6 24. c5 Rd8 25. Bc4 Rxd1 26. Rxd1 Kf8 27. Na4 Ke8 28.
g3 Bd7 29. b6 axb6 30. cxb6 Bd8 31. Nc5 Nxc5 32. Bxc5 Be6 33. Bxe6 fxe6 34. Rd2
Ra5 35. Be3 Rb5 36. a4 Rb4 37. Ra2 Bxb6 38. Bxb6 Rxb6 39. a5 Ra6 40. Rb2 Ra7
41. Ke3 Kd7 42. f4 Kc7 43. Ra2 c5 44. fxe5 Kc6 45. Rd2 Rxa5 46. Rd6+ Kb5 47.
Rxe6 Ra3+ 48. Kf4 c4 49. Re7 Kc6 50. Rxh7 b5 51. Rh6 b4 52. Rxg6+ Kc5 53. Rg8
c3 54. Rc8+ Kd4 55. Rd8+ Kc4 56. e6 Ra7 57. Ke3 b3 58. Rc8+ Kb4 59. Kd3 c2 60.
Kd2 Re7 61. Kc1 Rxe6 62. Kb2 Rxe4 63. Rb8+ Kc4 64. Rc8+ Kb4 65. Rb8+ Ka4 66.
Ra8+ 1/2-1/2

[Event "10. Magistral Copa Mercosur"]
[Site "Villa Martelli ARG"]
[Date "2006.07.27"]
[Round "4.5"]
[White "Needleman, Gaston"]
[Black "Panno, Oscar"]
[Result "0-1"]
[WhiteElo "2435"]
[BlackElo "2459"]
[PlyCount "78"]
[EventDate "2006.07.24"]
[EventType "tourn"]
[EventRounds "13"]
[EventCountry "ARG"]
[EventCategory "9"]
[Source "lmi"]
[SourceDate "2006.08.05"]

1. e4 e5 2. Nf3 d6 3. d4 Nf6 4. Nc3 Nbd7 5. Bc4 Be7 6. O-O O-O 7. Qe2 c6 8. a4
a5 9. Rd1 Qc7 10. h3 h6 11. Be3 Re8 12. Bb3 exd4 13. Bxd4 Ne5 14. Nd2 Be6 15.
f4 Bxb3 16. cxb3 Ned7 17. Rac1 Nf8 18. Qf3 Qb8 19. Kh1 Ne6 20. Bf2 Bf8 21. Nf1
Nd7 22. Ng3 Ndc5 23. Nce2 b5 24. h4 bxa4 25. f5 Nd8 26. Qg4 Nxb3 27. Rc3 c5 28.
Nh5 Nc6 29. Rg3 Ne5 30. Qf4 Kh8 31. Be3 f6 32. Qf2 Ra7 33. Nef4 Qb4 34. Re1 Rb7
35. Nxf6 gxf6 36. Nd5 Nd3 37. Qf3 Qxe1+ 38. Kh2 Rg7 39. Rh3 Ne5 0-1

[Event "10. Magistral Copa Mercosur"]
[Site "Villa Martelli ARG"]
[Date "2006.07.28"]
[Round "5.1"]
[White "Bachman, Axel"]
[Black "COMP ZAP!Chess"]
[Result "1/2-1/2"]
[WhiteElo "2448"]
[BlackElo "2600"]
[PlyCount "112"]
[EventDate "2006.07.24"]
[EventType "tourn"]
[EventRounds "13"]
[EventCountry "ARG"]
[EventCategory "9"]
[Source "lmi"]
[SourceDate "2006.08.05"]

1. e4 e5 2. Nf3 Nf6 3. Nxe5 d6 4. Nf3 Nxe4 5. Qe2 Qe7 6. d3 Nf6 7. Bg5 Qxe2+ 8.
Bxe2 Be7 9. Nc3 c6 10. O-O-O Na6 11. Rhe1 Nc7 12. h3 Be6 13. Ne4 Nxe4 14. dxe4
Bxg5+ 15. Nxg5 Ke7 16. Rd2 a5 17. a4 Rhd8 18. f4 f6 19. Nf3 Bf7 20. Nd4 g6 21.
g3 Kf8 22. Bd3 Re8 23. Rde2 Ne6 24. Nxe6+ Bxe6 25. g4 Ke7 26. Kd2 Rg8 27. Rg2
Rae8 28. Kc3 Kd7 29. b3 Bf7 30. Rge2 Rgf8 31. Kd4 Bg8 32. Rf1 Re7 33. Rfe1 Rfe8
34. Kc3 g5 35. Kd2 Bf7 36. Rh1 h6 37. Rf2 Bg6 38. f5 Bf7 39. h4 d5 40. exd5
Bxd5 41. Rh3 c5 42. hxg5 hxg5 43. Rh6 Rf8 44. Re2 Rxe2+ 45. Bxe2 Kd6 46. Bb5
Bf3 47. Be2 Bc6 48. Bc4 Rd8 49. Ke3 Ke5 50. Rh7 Rd7 51. Rxd7 Bxd7 52. Bd3 Bc6
53. c4 b6 54. Bc2 Bb7 55. Bb1 Bc6 56. Bc2 Bb7 1/2-1/2

[Event "10. Magistral Copa Mercosur"]
[Site "Villa Martelli ARG"]
[Date "2006.07.30"]
[Round "7.1"]
[White "Valerga, Diego"]
[Black "COMP ZAP!Chess"]
[Result "0-1"]
[WhiteElo "2470"]
[BlackElo "2600"]
[PlyCount "70"]
[EventDate "2006.07.24"]
[EventType "tourn"]
[EventRounds "13"]
[EventCountry "ARG"]
[EventCategory "9"]
[Source "lmi"]
[SourceDate "2006.08.05"]

1. d4 Nf6 2. c4 g6 3. Nc3 Bg7 4. e4 d6 5. Nf3 O-O 6. Be2 e5 7. O-O Nc6 8. d5
Ne7 9. Nd2 a5 10. a3 Nd7 11. Rb1 f5 12. b4 b6 13. Kh1 axb4 14. axb4 Nf6 15. Bb2
Bh6 16. Bf3 Bd7 17. Nb3 fxe4 18. Nxe4 Nxe4 19. Bxe4 Ra4 20. Bc3 Nf5 21. g3 Ra2
22. Rb2 Ra3 23. Bd2 Bxd2 24. Qxd2 Qf6 25. Kg1 Nd4 26. Nxd4 exd4 27. Re1 d3 28.
Re3 Re8 29. Rb1 Qd4 30. Rbe1 Re5 31. h4 Qxc4 32. Rc1 Qd4 33. Rxc7 Rxe4 34. Rxd7
Rxe3 35. Rd8+ Kf7 0-1

[Event "10. Magistral Copa Mercosur"]
[Site "Villa Martelli ARG"]
[Date "2006.07.31"]
[Round "8.1"]
[White "COMP ZAP!Chess"]
[Black "Prasca Sosa, Raphael"]
[Result "1-0"]
[WhiteElo "2600"]
[BlackElo "2442"]
[PlyCount "113"]
[EventDate "2006.07.24"]
[EventType "tourn"]
[EventRounds "13"]
[EventCountry "ARG"]
[EventCategory "9"]
[Source "lmi"]
[SourceDate "2006.08.05"]

1. e4 e6 2. d4 d5 3. Nc3 dxe4 4. Nxe4 Nd7 5. Nf3 Ngf6 6. Bg5 Be7 7. Nxf6+ Bxf6
8. Qd2 Bxg5 9. Nxg5 h6 10. Nf3 Qf6 11. Qe3 Nb6 12. Ne5 Qe7 13. c3 Nd7 14. Bd3
Nf6 15. a4 a5 16. Bb5+ Bd7 17. Qf3 c6 18. Bd3 Qd6 19. O-O Qc7 20. Rfe1 O-O 21.
Re3 c5 22. dxc5 Bc6 23. Nxc6 Qxc6 24. Bb5 Qxc5 25. Qxb7 Nd5 26. Rd3 Rab8 27.
Qc6 Qxc6 28. Bxc6 Rxb2 29. Bxd5 exd5 30. Rxd5 Rc8 31. Rxa5 Rxc3 32. h4 Rcc2 33.
Rf5 g6 34. Rf4 h5 35. Rd1 Rc7 36. Rd6 Ra7 37. Kh2 Ra2 38. Rdd4 Kg7 39. Kg3 Ra3+
40. f3 Ra2 41. Kh3 Rc7 42. Rc4 Rb7 43. Rb4 Rc7 44. Rbc4 Rb7 45. Rb4 Rc7 46.
Rfc4 Rd7 47. Rd4 Rc7 48. Rbc4 Rb7 49. Rb4 Rc7 50. Rf4 Rd7 51. g4 Rdd2 52. Rfd4
hxg4+ 53. Rxg4 f5 54. Rg1 Ra3 55. Kg3 Rda2 56. Rd1 Rxa4 57. Rd7+ 1-0

[Event "10. Magistral Copa Mercosur"]
[Site "Villa Martelli ARG"]
[Date "2006.08.01"]
[Round "9.1"]
[White "Panno, Oscar"]
[Black "COMP ZAP!Chess"]
[Result "1/2-1/2"]
[WhiteElo "2459"]
[BlackElo "2600"]
[PlyCount "45"]
[EventDate "2006.07.24"]
[EventType "tourn"]
[EventRounds "13"]
[EventCountry "ARG"]
[EventCategory "9"]
[Source "lmi"]
[SourceDate "2006.08.05"]

1. d4 Nf6 2. Nf3 d5 3. c4 c6 4. e3 e6 5. Bd3 dxc4 6. Bxc4 c5 7. O-O a6 8. dxc5
Qxd1 9. Rxd1 Bxc5 10. Nbd2 b5 11. Be2 Bb7 12. Nb3 Be7 13. Nfd4 Nc6 14. Nxc6
Bxc6 15. f3 Rd8 16. e4 Rxd1+ 17. Bxd1 Bd6 18. Be3 Ke7 19. Rc1 Rc8 20. g3 Bd7
21. Rxc8 Bxc8 22. Nc5 Nd7 23. Nxd7 1/2-1/2

[Event "10. Magistral Copa Mercosur"]
[Site "Villa Martelli ARG"]
[Date "2006.08.01"]
[Round "9.3"]
[White "Rodriguez, Andres"]
[Black "Bachman, Axel"]
[Result "0-1"]
[WhiteElo "2511"]
[BlackElo "2448"]
[PlyCount "148"]
[EventDate "2006.07.24"]
[EventType "tourn"]
[EventRounds "13"]
[EventCountry "ARG"]
[EventCategory "9"]
[Source "lmi"]
[SourceDate "2006.08.05"]

1. e4 c5 2. Nf3 e6 3. d4 cxd4 4. Nxd4 a6 5. Nc3 Qc7 6. g3 Nc6 7. Bg2 Nf6 8. O-O
Nxd4 9. Qxd4 Bc5 10. Qd3 O-O 11. Bf4 d6 12. Rad1 Ne8 13. a3 b5 14. b4 Ba7 15.
e5 d5 16. Nxd5 exd5 17. e6 Qe7 18. exf7+ Rxf7 19. Rfe1 Qf8 20. Bxd5 Bb7 21.
Bxf7+ Qxf7 22. Qd7 Qxd7 23. Rxd7 Bc6 24. Rd3 Nf6 25. Re6 Be4 26. Rd2 Kf7 27.
Re5 Rc8 28. Rxe4 Bxf2+ 29. Rxf2 Nxe4 30. Re2 Rc4 31. Be5 g5 32. Re3 Ke6 33. Bh8
g4 34. c3 Kf5 35. Rd3 Ke6 36. Kf1 Rc8 37. Bd4 Re8 38. Bg7 Rg8 39. Bd4 Re8 40.
Rd1 Kd5 41. Bg7+ Kc4 42. Rd7 h5 43. Ra7 Re6 44. Rd7 Rd6 45. Re7 Kd3 46. Re5
Nxc3 47. Rxh5 Nd5 48. Ke1 Ne3 49. Bh6 Nc4 50. Bf4 Rg6 51. Rd5+ Ke4 52. Rc5 Kf3
53. Kf1 Re6 54. Bc1 Ke4 55. a4 Ne5 56. axb5 axb5 57. Rxb5 Nd3 58. Bd2 Rf6+ 59.
Ke2 Rf2+ 60. Kd1 Nb2+ 61. Kc1 Nc4 62. Be1 Ra2 63. Rc5 Kd4 64. Rg5 Ra1+ 65. Kc2
Ne3+ 66. Kd2 Ra2+ 67. Kc1 Rc2+ 68. Kb1 Re2 69. Rh5 Rxe1+ 70. Kb2 Kc4 71. h3
Re2+ 72. Ka3 Nc2+ 73. Ka4 Nxb4 74. Ka5 Re6 0-1